|
|
|
|
| LEADER |
00000nab a2200000 a 4500 |
| 001 |
vtls000709604 |
| 003 |
SK-MaSNL |
| 005 |
20260303220653.0 |
| 008 |
240405c1999 xo 0 slo |
| 015 |
|
|
|a SNBRB2000/01-01882
|
| 035 |
|
|
|a CLN000061771
|
| 040 |
|
|
|a SNKBUCL
|b slo
|c SNKBUCL
|e AACR2
|
| 041 |
0 |
|
|a slo
|
| 044 |
|
|
|a xo
|c SK
|
| 080 |
|
|
|a 82.09:885.4-1(048)
|2 UDC-MRF-SK2
|
| 080 |
|
|
|a 885.4-1(048)
|2 UDC-MRF-SK2
|
| 100 |
1 |
|
|a Janík, Pavol,
|d 1956-
|4 aut
|9 221069
|
| 245 |
1 |
0 |
|a Čertík, ten nikdy nespí
|b z Peroviek srší ohňostroj láskavej ...
|c Pavol Janík
|
| 300 |
|
|
|b Obr.
|
| 650 |
0 |
7 |
|a slovenská poézia
|2 snkbucl
|9 215422
|
| 655 |
|
7 |
|a recenzie
|2 snkbucl
|9 21907
|
| 773 |
0 |
|
|t Slovenská republika
|g Roč. 7, č. 292 (18.12.1999), s. 10
|x 1335-4698
|
| 787 |
0 |
8 |
|i Rec.:
|a Čertík, Jozef
|t Perovky
|d Bratislava : Slovenský spisovateľ, 1998
|z 8022009164
|
| 850 |
|
|
|a Slovenská národná knižnica
|
| 852 |
|
|
|a Slovenská národná knižnica
|
| 958 |
|
|
|a LX
|
| 958 |
|
|
|a SK
|
| 958 |
|
|
|a RBX
|
| 999 |
|
|
|c 2228439
|d 2230369
|